000 01005nam a2200241 a 4500
001 48334
003 BD-RjUL
005 20211209054514.0
008 160224s1956 ii ||||| |||| 00| 0 ben d
020 _c: Tk. 16.00
035 _a(BD-RjUL)48453
040 _aBD-RjUL
_bben
_cBD-RjUL
041 _aben
082 _223
_a891.44109
_bSEC 1973
100 1 _aসেন, সুকুমার
_9117517
245 1 0 _aচর্যাগীতি পদাবলী :
_bচর্যাচর্যটীকা সমেত /
_cসুকুমার সেন
250 _a৩য় সং
260 _aকলিকাতা :
_bইস্টার্ন পাবলিশার্স,
_c১৯৭৩
300 _a[১০], ২৯২ পৃ. :
_bচিত্র ;
_c১২৩ সেমি.
650 _aবৈষ্ণব কবিতা, বাংলা
_xইতিহাস ও সমালোচনা
_9118892
650 _aVaishnava poetry, Bengali
_xHistory and criticism.
_9118889
942 _2ddc
_cBK
999 _c48334
_d48334